|
|
|
|
| LEADER |
00923nab a2200229 i 4500 |
| 001 |
misc61913 |
| 005 |
20230203145321.0 |
| 008 |
221118s1973 hu o 0|| rus d |
| 040 |
|
|
|a SZTE Miscellanea Repozitórium
|b hun
|
| 041 |
|
|
|a rus
|
| 100 |
1 |
|
|a Nadelâev Vladimir Mihajlovič
|
| 245 |
1 |
0 |
|a Drevneturkskaâ runičeskaâ nadpis' iz Koš-Agača
|h [elektronikus dokumentum] /
|c Nadelâev Vladimir Mihajlovič
|
| 260 |
|
|
|a Nauka, Sibirskoe otdelenie
|b [Novosibirsk]
|c 1973
|
| 300 |
|
|
|a 108-110
|c 26 cm
|
| 300 |
|
|
|a [3] p.
|c 26 cm
|
| 490 |
0 |
|
|a Izvestiâ Sibirskogo otdeleniâ Akademii nauk SSSR : ser. obŝestvennyh nauk
|
| 561 |
|
|
|a Németh Gyula hagyaték
|
| 591 |
|
|
|a LOA 2544; NOA 3972
|
| 650 |
|
4 |
|a Bölcsészettudományok
|
| 650 |
|
4 |
|a Nyelvek és irodalom
|
| 695 |
|
|
|a Ótörök nyelvemlék - rovásírás, Felirat - ótörök
|
| 856 |
4 |
0 |
|u http://misc.bibl.u-szeged.hu/61913/1/3972_noa.pdf
|z Dokumentum-elérés
|